A first course in data processing /

Guardado en:
Autor Principal: Couger, J. Daniel.
Otros Autores: McFadden, Fred R., 1933-
Formato: Libro
Idioma:English
Publicado: Santa Bárbara, California : John Wiley & Sons, c1977.
Materias:
Etiquetas: Agregar Etiqueta
Sin Etiquetas, Sea el primero en etiquetar este registro!
LEADER 00739nam a22002055 4500
001 EAD.ead002040
008 080718s1977####caua##########001#0#eng#d
005 20100906125213.0
245 1 0 |a A first course in data processing /  |c J. Daniel Couger, Fred R. McFadden. 
260 |a Santa Bárbara, California :  |b John Wiley & Sons,  |c c1977. 
300 |a xiv, 557 p. :  |b il. ;  |c 28 cm. 
500 |a Incluye índice y glosario. 
500 |a "A Wiley/Hamilton Publication". 
020 |a 0471177385 
100 1 |a Couger, J. Daniel. 
700 1 |a McFadden, Fred R.,  |d 1933- 
082 0 4 |a 004.21  |2 21 
650 7 |a Procesamiento de datos.  |2 unbist 
650 7 |a Sistemas de información.  |2 unbist 
859 |a AR-BaBDC  |b BIB. ADMINISTRACION - Libros  |h 004.21  |i C831  |p b01173